| 000 | 00410nam a22001457a 4500 | ||
|---|---|---|---|
| 005 | 20180214112212.0 | ||
| 008 | 180214b xxu||||| |||| 00| 0 eng d | ||
| 040 | _cPK-LaUMT | ||
| 082 |
_aPKAC 320.95491 _bSHA-I |
||
| 100 | _aSharafat Hussain Shafqat | ||
| 245 |
_aIslam Army Amrica(urdu)/ _cSharafat Hussain Shafqat |
||
| 260 |
_aکراچی: _bبزنس ایدوائزر _c1989 |
||
| 300 | _a159 | ||
| 942 | _cBK | ||
| 999 |
_c103154 _d103154 |
||